000 00211nam a22000857a 4500
008 160719b xxu||||| |||| 00| 0 eng d
100 _93045
_aMeesukon P
245 _aLion Stories
260 _aUSA
_bM.B Publication
_c2008
999 _c2608
_d2608